|
|
|
|
| LEADER |
00000nam0a2200000 4500 |
| 001 |
129117 |
| 005 |
20240815165546.0 |
| 010 |
|
|
|a 5713307199
|
| 035 |
|
|
|a (RuTPU)RU\TPU\book\139720
|
| 090 |
|
|
|a 129117
|
| 100 |
|
|
|a 20080120d1993 d y0rusy5003 ca
|
| 101 |
1 |
|
|a rus
|c fre
|
| 102 |
|
|
|a RU
|
| 105 |
|
|
|a a z 000ay
|
| 200 |
1 |
|
|a Борьба за огонь
|e повести
|f Ж. А. Рони-старший
|e пер. с фр.
|
| 210 |
|
|
|a Москва
|c Международные отношения
|d 1993
|
| 215 |
|
|
|a 432 с.
|c ил.
|d 22 см
|
| 327 |
1 |
|
|a Содерж.: Борьба за огонь; Пещерный лев; Вамирэх: (Человек каменного века)
|
| 606 |
1 |
|
|a Французская литература
|x Произведения
|9 81252
|
| 610 |
1 |
|
|a первобытное общество
|
| 610 |
1 |
|
|a исторические романы
|
| 610 |
1 |
|
|a детская литература
|
| 675 |
|
|
|a 84
|v 3
|
| 700 |
|
1 |
|a Рони-старший
|b Ж. А.
|g Жозеф Анри
|4 070
|
| 801 |
|
0 |
|a RU
|b RuMRKP
|c 19950413
|g psbo
|
| 801 |
|
1 |
|a RU
|b 63413507
|c 20080120
|g PSBO
|
| 801 |
|
2 |
|a RU
|b 63413507
|c 20080125
|g PSBO
|
| 942 |
|
|
|c BK
|